000 00761cam a2200265 4500
008 090401t1991 xxu||||| |||| 00| 0 eng d
020 _a086022127X
035 _a(Sirsi) u51255
041 _aeng
050 _a658.202
100 _aArmstrong, J.
245 _aPlanned maitenance and the use of computers.
250 _a2nd ed.
260 _aBracknell, Berks.
_bBSRIA
_c1991
300 _a23p. ; 30cm.
350 _a30
490 _aTechnical Note
_vTN 1/85.1
520 _aIncludes list of suppliers of software.
650 _aPLANNED MAINTENANCE
650 _aSOFTWARE
690 _aBUILDING AND CONSTRUCTION-REPAIRS AND MAINTENANCE
710 _aBuilding Services Research and Information Association
942 _n0
948 _c04/03/1997
999 _c92848
_d92848